Mémento larousse Encyclopédique et illustré

שמור ב:
מידע ביבליוגרפי
פורמט: ספר
שפה:Undetermined
יצא לאור: Paris Librairie Larousse 1954
נושאים:
תגים: הוספת תג
אין תגיות, היה/י הראשונ/ה לתייג את הרשומה!
Thư viện lưu trữ: Trung tâm Học liệu Trường Đại học Cần Thơ
LEADER 00480nam a2200157Ia 4500
001 CTU_5171
008 210402s9999 xx 000 0 und d
082 |a 030 
082 |b M533 
245 0 |a Mémento larousse 
245 0 |b Encyclopédique et illustré 
260 |a Paris 
260 |b Librairie Larousse 
260 |c 1954 
650 |a encyclopedias and dictionaries,french language - encyclopedias and dictionaries 
980 |a Trung tâm Học liệu Trường Đại học Cần Thơ